| 000 | 01390nam a22002537a 4500 | ||
|---|---|---|---|
| 999 |
_c59520 _d59520 |
||
| 003 | Ge_BSU | ||
| 005 | 20230307170507.0 | ||
| 008 | 230307s2003 ge ||||| |||| 00| 0 geo d | ||
| 020 | _a 9994072927 | ||
| 041 | _ageo | ||
| 080 | _a342.731 ა-36 | ||
| 245 |
_aაზრის, სინდისისა და რელიგიის თავისუფლება : _b[გზამკვლევი] / _cავტ.: თამარ გურჩიანი, სიმონ პაპუაშვილი ; რედ.: ნანა ფრუიძე, ლალი ჩხეტია]. |
||
| 264 |
_aთბილისი : _bსაია, _c2003. |
||
| 300 |
_a134 გვ. ; _b20 სმ. |
||
| 490 |
_aახალგაზრდა იურისტთა ბიბლიოთეკა ; _v4 |
||
| 504 | _aბიბლიოგრ.: გვ. 133-134. | ||
| 653 | _aსარწმუნოების თავისუფლება | ||
| 653 | _aსინდისის თავისუფლება | ||
| 700 |
_aგურჩიანი, თამარ _eავტორი _917135 |
||
| 700 |
_aპაპუაშვილი, სიმონ _eავტორი _917136 |
||
| 700 |
_aფრუიძე, ნანა _eრედაქტორი _95777 |
||
| 700 |
_aჩხეტია, ლალი _eრედაქტორი _917137 |
||
| 942 |
_2udc _cBK |
||